Vista normal
Vista MARC
Entrada Materia (personas)
Número de registros utilizados en: 1
001 - CONTROL NUMBER
- control field: 106725
003 - CONTROL NUMBER IDENTIFIER
- control field: Co-BoUCM
005 - DATE AND TIME OF LATEST TRANSACTION
- control field: 20211012133703.0
008 - FIXED-LENGTH DATA ELEMENTS
- fixed length control field: 211012|| aca||aabn | a|a d
040 ## - CATALOGING SOURCE
- Original cataloging agency: Co-BoUCM
- Transcribing agency: Co-BoUCM
100 ## - HEADING--PERSONAL NAME
- Personal name: Fernández de Lara Gaitán, Alfredo
670 ## - SOURCE DATA FOUND
- Source citation: Work cat.: (Co-BoUCM): La guerra contra las drogas en América Latina, 2021